Premier League Managers 15/16 - Statistics

General Stats
  • This quiz has been taken 20 times
  • The average score is 16 of 20
Answer Stats
Club Manager % Correct
Arsenal FC Arsène Wenger
100%
Liverpool FC Jürgen Klopp
100%
Manchester United Louis van Gaal
100%
Leicester City Claudio Ranieri
95%
Manchester City Manuel Pellegrini
95%
Tottenham Hotspur Mauricio Pochettino
89%
Everton FC Roberto Martinez
89%
FC Southampton Ronald Koeman
89%
Crystal Palace Alan Pardew
84%
Stoke City Mark Hughes
84%
West Bromwich Albion Tony Pulis
84%
AFC Bournemouth Eddie Howe
79%
Chelsea FC Guus Hiddink
79%
Aston Villa Rémy Garde
79%
Newcastle United Steve McClaren
74%
Watford FC Quique Sanchez Flores
68%
West Ham United Slaven Bilic
68%
Norwich City Alex Neil
58%
Sunderland AFC Sam Allardyce
58%
Swansea City Francesco Guidolin
32%
No matching quizzes found
Score Distribution
Percent of People with Each Score
Percentile by Number Answered
Your Score History
You have not taken this quiz